European real estate handbook (Record no. 110566)

MARC details
000 -LEADER
fixed length control field 01218cad a22002175a 4500
001 - CONTROL NUMBER
control field L149628
008 - FIXED-LENGTH DATA ELEMENTS--GENERAL INFORMATION
fixed length control field 100329s2010 xxk 000 0 eng d
035 ## - SYSTEM CONTROL NUMBER
System control number (Sirsi) u149628
041 0# - LANGUAGE CODE
Language code of text/sound track or separate title eng
050 04 - LIBRARY OF CONGRESS CALL NUMBER
Classification number 333.33 $2 18
110 2# - MAIN ENTRY--CORPORATE NAME
Corporate name or jurisdiction name as entry element BNP Paribas Real Estate
9 (RLIN) 5715
245 00 - TITLE STATEMENT
Title European real estate handbook
Remainder of title a guide to doing business in Europe
Medium [electronic resource]
260 ## - PUBLICATION, DISTRIBUTION, ETC.
Place of publication, distribution, etc. [S.l.]
Date of publication, distribution, etc. BNP Paribas Real Estate, [2010?]
520 ## - SUMMARY, ETC.
Summary, etc. What are the main differences in the 31 European property markets? Provides a country-by-country overview of what occupiers and prospective inward investors are likely to expect in respect of typical lease terms, the legal environment, occupancy and acquisition costs and general market practices. Concludes with a comparison of leasing and transaction costs across Europe.
590 ## - LOCAL NOTE (RLIN)
Local note KA NTK
650 24 - SUBJECT ADDED ENTRY--TOPICAL TERM
Topical term or geographic name entry element BNP PARIBAS REAL EUROPEAN REAL ESTATE HANDBOOK
651 #4 - SUBJECT ADDED ENTRY--GEOGRAPHIC NAME
Geographic name Europe
690 ## - LOCAL SUBJECT ADDED ENTRY--TOPICAL TERM (OCLC, RLIN)
Topical term or geographic name as entry element PROPERTY-COMMERCIAL PROPERTY-COMMERCIAL PROPERTY MARKET
856 48 - ELECTRONIC LOCATION AND ACCESS
Uniform Resource Identifier <a href="https://www.propertyweek.com/Journals/Builder_Group/Property_Week/05_March_2010/attachments/European%20Handbook%20-%20UK%20contact.pdf">https://www.propertyweek.com/Journals/Builder_Group/Property_Week/05_March_2010/attachments/European%20Handbook%20-%20UK%20contact.pdf</a>
Public note View this report free of charge at www.propertyweek.com
942 ## - ADDED ENTRY ELEMENTS (KOHA)
Suppress in OPAC 0
Holdings
Withdrawn status Lost status Source of classification or shelving scheme Damaged status Not for loan Home library Current library Shelving location Date acquired Total Checkouts Full call number Barcode Date last seen Copy number Price effective from Koha item type
    Dewey Decimal Classification     Virtual Virtual Online 29/03/2010   ONLINE PUBLICATION 149628-2001 06/08/2019 1 06/08/2019 Book